000 00516cam a2200181ua 4500
001 6439
008 131207n ii |||gr||||Z||||||eng
040 _cMAIN
082 _a658
245 1 1 _aSecurity analysis and portfolio management
_cBy Punithavathy Pandian
260 _aNew delhi:
_bVikas publishing house pvt ltd,
_c2001.
300 _axvii,459p.
653 _aCommerce
653 _aCommerce
653 _aSecurity analysis and portfolio management
700 1 _aPandian,Punithavathy ,
_eAuthor.
942 _cBK
999 _c5588
_d5588